00513nam a2200133Ia 4500008004100000041000800041082001700049100001400066245008300080260004200163700001600205999001900221952013900240230627s9999 xx 000 0 und d aeng a344.046bJAS aJaswal P  aEnvironmental Law: Environment Protection, Sustainable Development And The Law aFaridabadbAllahabad Law Agencyc1999 a Jaswal N., c702611d702611 001040708NLP Social WelfareaNLPbNLPcNLP-134d2000-03-30g150.00l0o344.046 JASpNLP-NS0044r2023-07-17 00:00:00w2023-07-17yBK